सदिश कलन एवं ज्यामिति / (Record no. 66862)

MARC details
000 -LEADER
fixed length control field 00816nam a22002057a 4500
005 - DATE AND TIME OF LATEST TRANSACTION
control field 20120518154730.0
010 ## - LCCN (DPL NO)
LC control number
020 ## - INTERNATIONAL STANDARD BOOK NUMBER
International Standard Book Number
Terms of availability 50.00
035 ## - SYSTEM CONTROL NUMBER
System control number A-775089
037 ## - SOURCE OF ACQUISITION
Source of stock number/acquisition
082 ## - DEWEY DECIMAL CLASSIFICATION NUMBER
Classification number 515.63
100 ## - MAIN ENTRY--PERSONAL NAME
Personal name ठाकुर, बी.आर.
245 ## - TITLE STATEMENT
Title सदिश कलन एवं ज्यामिति /
Statement of responsibility, etc बी.आर.ठाकुर
260 ## - PUBLICATION, DISTRIBUTION, ETC. (IMPRINT)
Place of publication, distribution, etc आगरा
Name of publisher, distributor, etc राम प्रसाद एंड संस
Date of publication, distribution, etc 1995-96
270 ## - ADDRESS
Address
City
Postal code
300 ## - PHYSICAL DESCRIPTION
Extent 308पृ.
Other physical details
Dimensions 22सेमी(सजिल्द)
942 ## - ADDED ENTRY ELEMENTS (KOHA)
Source of classification or shelving scheme Dewey Decimal Classification
Item type Hindi Books
Classification part 515.63
Call number suffix ठाकुर
Holdings
Withdrawn status Lost status Not for loan Collection code Home library Current library Date acquired Cost, normal purchase price Full call number Barcode Cost, replacement price Koha item type
      Non-fiction Sarojini Nagar Sarojini Nagar 18/05/2012 50.00 515.63 ठाकुर A-775089 50.00 Hindi Books

© Delhi Public Library
Hit Counter
free hit counter